00381nam a2200109Ia 4500008004100000245007600041260006200117260001400179300000800193650001500201856005500216170221s9999 xx 000 0 und d aInfluencing Consumer Engagement in Environmentally Responsible Behavior bInternational Journal of Management and Marketing Reseach cJune 2014 a6:1 xMarketing. uhttp://www.theibfr.com/ARCHIVE/IJMMR-V9N2-2016.pdf